Ngôn ngữ lập trình Pascal Với Turbo Pascal 5.0 - 7.0
Mở đầu về ngôn ngữ lập trình và máy tính. Các phần tử cơ bản của ngôn ngữ Pascal. Các kiểu dữ liệu,các kiểu dữ liệu cơ sở hay đơn giản chuẩn....
में बचाया:
| मुख्य लेखक: | |
|---|---|
| स्वरूप: | पुस्तक |
| भाषा: | Vietnamese |
| प्रकाशित: |
H.
Giáo dục
1995
|
| विषय: | |
| टैग : |
टैग जोड़ें
कोई टैग नहीं, इस रिकॉर्ड को टैग करने वाले पहले व्यक्ति बनें!
|
| Thư viện lưu trữ: | Mạng thư viện Đại học Đà Nẵng |
|---|
| LEADER | 01029nam a2200325 4500 | ||
|---|---|---|---|
| 001 | 000012889 | ||
| 003 | 9213 | ||
| 005 | 20120302150312.0 | ||
| 008 | 120302s1995 viesd | ||
| 020 | |c 0đ | ||
| 041 | 0 | |a vie | |
| 082 | |a 005.13 |b QU-N | ||
| 100 | 0 | |a Quách, Tuấn Ngọc |e Tác giả | |
| 245 | 0 | |a Ngôn ngữ lập trình Pascal |b Với Turbo Pascal 5.0 - 7.0 |c Quách Tuấn Ngọc | |
| 260 | |a H. |b Giáo dục |c 1995 | ||
| 300 | |a 252 tr. |c 25 cm | ||
| 520 | |a Mở đầu về ngôn ngữ lập trình và máy tính. Các phần tử cơ bản của ngôn ngữ Pascal. Các kiểu dữ liệu,các kiểu dữ liệu cơ sở hay đơn giản chuẩn.... | ||
| 653 | |a Ngôn ngữ | ||
| 653 | |a Lập trình | ||
| 653 | |a Pascal | ||
| 653 | |a Tin học | ||
| 910 | |a Duyên |d 02/03/2012 | ||
| OWN | |a LSP | ||
| 999 | |a From the UDN01 | ||
| TYP | |a Monograph | ||
| TYP | |a Printed language | ||
| 980 | |a Mạng thư viện Đại học Đà Nẵng | ||